000 00776cab a2200241 4500
001 ABS57149
008 090401t1997 xxu||||| |||| 00| 0 eng d
035 _a(Sirsi) u98453
041 _aeng
100 _aSmithers, T.
245 _aContaminated land: managing the risks
260 _c1997
350 _a0
490 _aWastes Management
_vMay 1997, 34-35(2)
520 _aExamines the extent to which landfill sites are affected by the Environment Act 1995 and the draft DoE Guidance and Regulations. It also gives advice to owners and prospective sellers on minimising liability.
650 _aCONTAMINATED LAND
650 _aENVIRONMENT ACT 1995
650 _aLANDFILL SITES
650 _aLIABILITY
690 _aLAND
942 _n0
948 _c10/06/1997
999 _c59842
_d59842